000 00414cam a2200157ua 4500
041 _amal
_h
082 _a894.812301
_bAJI/JE
100 _aAjitkumar Basu, .
245 _aJeevithasahara /
_cAjitkumar Basu.
_hTextual Documents
250 _a1 /
_b.
260 _aChanganacherry :
_bAssissi Printing and Publishing House ,
_c1955.
300 _a114 ; .
504 _a
942 _cBK
999 _c11531
_d11531